[Event "Furman Memorial"]
[Site "St Petersburg"]
[Date "1995.??.??"]
[Round "2"]
[White "Savon, Vladimir A"]
[Black "Taimanov, Mark E"]
[Result "1-0"]
[WhiteElo "2415"]
[BlackElo "2510"]
[Annotator "Belov,I"]
[PlyCount "83"]
[EventDate "1995.11.??"]
[EventType "tourn"]
[EventRounds "9"]
[EventCountry "RUS"]
[EventCategory "9"]
[SourceTitle "CBM 050 Extra"]
[Source "ChessBase"]
[SourceDate "1996.03.01"]
[SourceVersion "1"]
[SourceVersionDate "1996.03.01"]
[SourceQuality "1"]

1. d4 Nf6 2. Nf3 e6 3. c4 Bb4+ 4. Bd2 a5 5. Nc3 O-O 6. Bg5 $5 (6. e3 b6 7. Bd3
Bb7 8. Qc2 d5 9. cxd5 exd5 10. O-O c5 11. a3 Bxc3 12. bxc3 Nbd7 13. a4 $1 $14 {
Morovic Fernandez,I-Gulko,B/Vina del Mar/1988/0,5/33/}) (6. a3 Bxc3 7. Bxc3 b6
8. e3 Bb7 9. Be2 d6 10. O-O Ne4 11. Nd2 Nxc3 12. bxc3 f5 $10 {Ivanov,
I-Polugaevsky,L/Toluca(izt)/1982/0,5/43/}) (6. Qc2 d6 7. a3 Bxc3 8. Bxc3 Nc6 9.
e4 e5 10. dxe5 dxe5 11. Nxe5 Qe8 12. f4 Nxe5 13. Bxe5 Ng4 14. Bd4 Bf5 15. Bd3
Rd8 16. Bc5 Rxd3 17. Qxd3 Bxe4 18. Qe2 Bd3 19. Qxe8 Rxe8+ 20. Kd2 Bxc4 $14 {
Ivkov,B-Korchnoi,V/Baden Baden/1981/0,5/50/}) 6... h6 (6... d5 7. e3 Nbd7 8.
cxd5 exd5 9. Bd3 Re8 10. O-O c6 11. Qc2 g6 12. Ne5 Be7 13. f4 $14 {Sokolov,
I-Skembris/Portoroz/1993/1:0/50/}) 7. Bh4 d6 (7... d5 8. e3 Re8 9. Rc1 Nbd7 10.
Bd3 c6 11. O-O $14 {Schueller,E-Rantanen,Y/Helsinki/1983/}) 8. e3 Nbd7 9. Be2
Bxc3+ 10. bxc3 b6 11. Nd2 Bb7 12. f3 e5 13. e4 (13. O-O Qe8 14. e4 Nh5 $10)
13... Qe8 14. Bf2 $1 (14. O-O Nh5 15. Re1 Nf4 16. Bf1 f6 17. Bf2 Qh5 $10) 14...
Nh5 15. g3 g6 16. O-O Ng7 (16... Qe7 $142) 17. Rb1 Rb8 (17... Qe7 $5) 18. c5 $1
dxc5 19. dxc5 Nxc5 20. Bxc5 bxc5 21. Nb3 Bc8 22. Qd2 Be6 23. Nxc5 Qc6 24. Qe3
$1 Bxa2 25. Ra1 Rb2 $5 (25... Be6 26. Rxa5 Rfe8 27. Rfa1 $14) 26. Nd3 $1 Qxc3
$8 (26... Rc2 27. Nxe5 Qe6 28. Ng4 $16) 27. Rfc1 Qd2 (27... Rc2 $2 28. Rxa2 $1
$18) 28. Qxd2 Rxd2 29. Kf2 $1 Bb3 30. Rxa5 (30. Ke3 Ra2 31. Rxa2 Bxa2 32. Nxe5
a4 33. Rxc7 Ra8 $132) 30... f6 (30... Ra2 31. Rxa2 Bxa2 32. Nxe5 $16) 31. Ke3
Rc2 $2 (31... Ra2 32. Rxa2 Bxa2 33. Nb4 Bf7 34. Rxc7 $14) 32. Bd1 Rc3 (32...
Rxc1 33. Bxb3+ Kh7 34. Nxc1 $18) 33. Rxc3 Bxd1 34. Ra1 $18 Ne6 35. Rxd1 Ra8 36.
Nc5 Nd4 37. Rxd4 exd4+ 38. Kxd4 Ra2 39. Ne6 Rxh2 40. Rxc7 Rh3 41. Rg7+ Kh8 42.
Rxg6 1-0

[Event "Moscow"]
[Site "Moscow"]
[Date "1981.04.??"]
[Round "13"]
[White "Smejkal, Jan"]
[Black "Beliavsky, Alexander G"]
[Result "1/2-1/2"]
[WhiteElo "2535"]
[BlackElo "2620"]
[Annotator "Belov,I"]
[PlyCount "80"]
[EventDate "1981.04.08"]
[EventType "tourn"]
[EventRounds "13"]
[EventCountry "URS"]
[EventCategory "15"]
[SourceTitle "MCL"]
[Source "ChessBase"]
[SourceDate "1999.07.01"]
[SourceVersion "1"]
[SourceVersionDate "1999.07.01"]
[SourceQuality "1"]

1. c4 e6 2. Nf3 d5 3. d4 Nf6 4. g3 Bb4+ 5. Bd2 Be7 6. Bg2 O-O 7. O-O c6 8. Qc2
b6 9. Rd1 (9. b3 Nbd7 10. Rd1 Ba6 11. a4 c5 $10) 9... Bb7 10. Bg5 (10. Bf4)
10... Nbd7 11. Nc3 Rc8 (11... dxc4 12. e4 b5 13. e5 Nd5 14. Ne4 $44) 12. e4 h6
(12... dxe4 13. Nxe4 Nxe4 (13... c5 14. Bxf6 $1 $16) 14. Bxe7 Qxe7 15. Qxe4 $14
) 13. Bxf6 Nxf6 14. Ne5 $14 (14. e5 Nd7 15. b3 c5 16. dxc5 (16. cxd5 cxd4 17.
Rxd4 Bxd5 $13) 16... Rxc5 $5 17. cxd5 Bxd5 $13) 14... Qc7 {/\ c5 פe5/} 15. Qe2
dxe4 (15... c5 $6 16. exd5 cxd4 17. Rxd4 $16) 16. Nxe4 c5 17. Nxf6+ Bxf6 18.
Bxb7 Qxb7 19. dxc5 Bxe5 $1 (19... bxc5 20. Nd7 $16) 20. Qxe5 Rxc5 21. Qe2 (21.
Qd4 Rfc8 22. b3 b5 $10) 21... Qc6 (21... Qc7 22. b3 Rd8 23. Rxd8+ Qxd8 24. Rd1
Qc7 25. Qd3 $14) 22. b3 f5 $5 $132 23. Rd2 (23. f4 Re8 {/\ e5/}) 23... f4 24.
Re1 (24. Rad1 $5) 24... e5 25. Rd5 $6 (25. Qe4 $5 Qc8 (25... Qf6 26. b4) 26.
Rd5 $14) 25... Rxd5 26. cxd5 Qc5 $5 {/\ e4, >< f2/} 27. d6 (27. Qxe5 $6 fxg3
28. hxg3 Qxf2+ $15) 27... Qxd6 (27... e4 28. Qc4+ Qxc4 29. bxc4 Rd8 30. Rxe4
$10) 28. Qxe5 Qd2 29. Qe2 Qa5 30. Rd1 f3 $15 31. Qe6+ Kh8 32. a4 Qc5 33. h4 Qc2
34. Re1 Rd8 35. Qe3 Qf5 36. Kh2 Rd3 (36... Kh7 $5 {/\ Rd3/}) 37. Qe8+ Kh7 38.
Re5 Qg6 (38... Qf6 39. Re6 Qf5 40. Re5 $10) 39. Qf8 $1 Qf6 (39... Rxb3 40. Re8
Qc2 $8 41. Qg8+ Kg6 42. Re6+ $18) 40. Qxf6 gxf6 1/2-1/2

[Event "Olympiad-32"]
[Site "Yerevan"]
[Date "1996.09.24"]
[Round "8.4"]
[White "Bareev, Evgeny"]
[Black "Izeta Txabarri, Felix"]
[Result "1-0"]
[WhiteElo "2655"]
[BlackElo "2525"]
[Annotator "Belov,I"]
[PlyCount "73"]
[EventDate "1996.09.15"]
[EventType "team-swiss"]
[EventRounds "14"]
[EventCountry "ARM"]
[SourceTitle "CBM 055"]
[Source "ChessBase"]
[SourceDate "1996.12.01"]
[SourceVersion "1"]
[SourceVersionDate "1996.12.01"]
[SourceQuality "1"]
[WhiteTeam "Russia"]
[BlackTeam "Spain"]
[WhiteTeamCountry "RUS"]
[BlackTeamCountry "ESP"]

1. d4 Nf6 2. c4 e6 3. Nf3 Bb4+ 4. Bd2 Qe7 5. g3 Nc6 6. Nc3 Bxc3 7. Bxc3 Ne4 8.
Rc1 d6 9. d5 Nxc3 10. Rxc3 Nd8 11. Bg2 O-O 12. dxe6 Nxe6 13. O-O a5 (13... Bd7
14. Nh4 (14. e4) 14... Bc6 15. Nf5 Qf6 16. Ne3 Bxg2 17. Kxg2 Rfe8 18. Nd5 Qg6
19. Qb1 c6 $10 {Polugaevsky,L-Kortchnoi,V/Evian(m/12)/1977/0,5/55/}) 14. Re1 (
14. Qd2 a4 15. Rd1 Bd7 16. Re3 Qf6 17. Nd4 Nc5 18. b4 axb3 19. axb3 Rab8 20.
Nb5 Ne6 21. Nc3 $16 {Stohl,I-Kraut,R/Berlin op/1988/1:0/44/}) 14... Bd7 15. e4
Bc6 16. b3 (16. Re2 Rad8 17. Ne1 Rfe8 18. Nc2 Qf6 19. Ne3 Nc5 20. f3 b6 $10 {
Kharitonov,A-Ulibin,M/Leeuwarden op/1995/1;0/64/}) (16. Rce3 Rfe8 (16... a4 17.
Qd2 Qf6 18. e5 dxe5 19. Nxe5 Rfd8 20. Bd5 Bxd5 21. cxd5 c6 22. d6 $16 {
Zakharevich,I-Lugovoi,A/St.Peterburg/1996/1:0/48/}) 17. Nd2 (17. Qd2 $142)
17... Qf6 18. Qc1 a4 (18... Qd4 $142) 19. h4 h6 20. Nb1 Qd4 21. Rd1 Qc5 $10 {
Epishin,V-Ivanchuk,V/Tilburg/1993/0,5/63/}) 16... Rae8 17. Rce3 b6 (17... Qf6
18. e5 dxe5 19. Nxe5 Rd8 (19... Bxg2 20. Nd7 Qh6 21. Nxf8 $18) 20. Qh5 Bxg2 21.
Kxg2 $14) 18. Qa1 $1 Qd8 19. a3 Qa8 20. Nh4 (20. Qc3 Nc5 21. Nd2 (21. Nh4 Nxe4
$17) 21... f5 $132) 20... g6 21. Qc3 Nc5 22. f3 $14 Nd7 23. Bh3 $1 Ne5 (23...
Nc5 24. b4 axb4 25. axb4 Ne6 (25... Nd7 $4 26. b5 $18) (25... Na4 26. Qc2 $16)
26. Ra1 Qb7 $14) 24. b4 Bd7 25. Bxd7 Nxd7 26. Ng2 axb4 27. axb4 Qd8 28. Nf4 g5
$6 (28... Ne5 29. Nd5 f6 $14) 29. Ne2 f5 (29... Ne5 30. Nd4 f6 31. Kg2 $16) 30.
exf5 Rxe3 31. Qxe3 Rxf5 32. f4 $1 gxf4 (32... g4 33. Qe6+ Rf7 34. Qxg4+ $18)
33. Qe6+ Rf7 34. Nxf4 Ne5 35. Ra1 $16 c6 (35... Qe7 36. Ra8+ Kg7 37. Nh5#) 36.
Ra7 Kf8 $2 (36... Nf3+ 37. Kg2 Ng5 $16) 37. Qxf7+ (37. Qxf7+ Nxf7 38. Ne6+ Ke8
39. Nxd8 Nxd8 40. Rxh7 $18) 1-0

[Event "Prague Summer op-A 3rd"]
[Site "Prague"]
[Date "2016.08.12"]
[Round "9"]
[White "Gavrilov, Alexei"]
[Black "Londyn, Radek"]
[Result "0-1"]
[WhiteElo "2456"]
[BlackElo "2404"]
[Annotator "Besenthal,K"]
[PlyCount "70"]
[EventDate "2016.08.05"]
[EventType "swiss"]
[EventRounds "9"]
[EventCountry "CZE"]
[SourceTitle "CBM 173 Extra"]
[Source "ChessBase"]
[SourceDate "2016.08.29"]
[SourceVersion "1"]
[SourceVersionDate "2016.08.29"]
[SourceQuality "1"]

1. d4 Nf6 2. c4 e6 3. Nf3 Bb4+ 4. Bd2 Bxd2+ 5. Qxd2 d5 6. e3 O-O 7. Nc3 Qe7 8.
cxd5 exd5 9. Bd3 b6 10. O-O Bb7 11. Rac1 Nbd7 12. b3 c5 13. Qb2 Ne4 14. Rfd1
Rad8 15. Qa3 a5 16. dxc5 Ndxc5 17. Qb2 Rd6 18. Ne2 Rfd8 19. Nf4 {Diagramm [#]
In dieser eigentlich ziemlich "festgefahrenen" Stellung, die als absolut
ausgeglichen betrachtet werden musste, ging Schwarz unvermittelt zum Angriff
über.} g5 $5 20. Nh5 f5 21. Nd4 Rf8 22. Be2 (22. f3 Nxd3 23. Rxd3 Nc5 24. Rdc3
{kam in Frage. Die Schwäche e3 wäre zunächst nicht bedeutend, aber auch
hier hätte sich die Situation durch den schwarzen Angriff verschärft. Weiß
hätte seinerseits nach a2-a3 auch aktive Möglichkeiten.}) 22... Rh6 {
Diagramm [#]} 23. h3 $2 {Weiß fordert g5-g4 geradezu heraus.} g4 24. Nf4 Nxf2
$1 {Diagramm [#] Dieses Springeropfer hebt die weiße Stellung mit einem Male
komplett aus den Angeln.} 25. Kxf2 g3+ 26. Kf1 Qxe3 27. Nd3 f4 28. Nf3 {
Diagramm [#] Viele Züge standen Weiß ja nicht mehr zur Verfügung, doch
jetzt bricht endgültig alles zusammen.} Nxd3 29. Bxd3 Rxh3 $1 30. gxh3 Qxf3+
31. Kg1 Qe3+ 32. Kf1 f3 33. Bxh7+ Kf7 34. Rc7+ Ke6 35. Rd2 Ba6+ 0-1

[Event "Bundesliga 0607"]
[Site "Germany"]
[Date "2006.11.19"]
[Round "4.6"]
[White "Nielsen, Peter Heine"]
[Black "Bindrich, Falko"]
[Result "1-0"]
[WhiteElo "2640"]
[BlackElo "2486"]
[Annotator "Bindrich,F"]
[PlyCount "57"]
[EventDate "2006.10.28"]
[EventType "team-tourn"]
[EventRounds "15"]
[EventCountry "GER"]
[SourceTitle "EXT 2007"]
[Source "ChessBase"]
[SourceDate "2006.11.23"]
[SourceVersion "1"]
[SourceVersionDate "2006.11.23"]
[SourceQuality "1"]
[WhiteTeam "Baden-Baden"]
[BlackTeam "Remagen"]
[WhiteTeamCountry "GER"]
[BlackTeamCountry "GER"]

1. d4 Nf6 2. c4 e6 3. Nf3 Bb4+ 4. Nbd2 O-O 5. a3 Be7 6. e4 d5 7. Bd3 dxe4 8.
Nxe4 Nxe4 9. Bxe4 Nd7 10. O-O Nf6 11. Bc2 c5 12. dxc5 Bxc5 13. Qe2 b6 {My
preparation was not so ambitious. I wanted to have only a smalldisadvantage.
But when looking at this position at the board without the help of my best
silicon friend Rybka, it looked really unpleasent!} (13... Qc7 14. Bg5 Be7 15.
Rad1 h6 16. Bh4 Bd7 17. Ne5 Bc6) 14. Bg5 Bb7 15. Ne5 (15. Rad1 Qc7 16. Ne5 Rfd8
) 15... h6 {Here I was ready to give up the queen and to suffer in the
resulting endgame. But my opponent wanted to win in the middlegame and
unfortunately this is what at the end happened.} (15... Qc7 16. Bxf6 gxf6 17.
Qd3 $18) 16. Bh4 $5 (16. Rad1 hxg5 17. Rxd8 Raxd8 18. b4 Bd4 19. Nf3 Bxf3 20.
Qxf3 g4 21. Qe2 g6 22. Rd1 Kg7 $44) 16... g5 $1 (16... Qd4 $2 17. Bg3 $16 Ne4
18. Rad1 Qxb2 19. Rd7 Bd4 20. Rb1 Nxg3 21. hxg3 Qc3 22. Qd3 $1 Qxd3 23. Nxd3
$18) 17. Bg3 Qe7 18. Kh1 $5 {Very aggresive} (18. Rad1 Rad8 19. h4 a5 20. Rfe1
Rxd1 21. Rxd1 Rd8 $14) 18... Rad8 19. f4 $5 (19. Rad1 $142 $1 {Not allowing
counterplay on the d-file.} Rxd1 20. Rxd1 Rd8 21. b4 Bd4 22. h4 $14 {And
black' s king side proves to weak.}) 19... Nd7 $5 (19... Nh5 $6 {Interesting
but bad.} 20. Qxh5 Rd2 21. Nf3 Rxc2 22. Qxh6 Be3 (22... Bxf3 23. Rxf3 $16) (
22... g4 23. Bh4 $1 $18 gxf3 24. gxf3) 23. fxg5 Bxf3 24. Rxf3 Qxg5 25. Qxg5+
Bxg5 26. Be5 f6 27. Bc3 $16) (19... Bd4 $2 20. fxg5 hxg5 21. Be1 $3 $16) 20.
fxg5 $2 {A mistake which objectively costs the advantage.} (20. Ng4 $142 $1 {
We both underestimated this move.} f5 21. Nxh6+ Kg7 22. fxg5 Qxg5 23. Bf4 Qg6
24. Rad1 $16) 20... Nxe5 21. Rf6 $5 {Amazing move that leads to a draw by
force. My opponent felt that with normal moves he will not achieve anything
and this is the reason why he decides to complicate matters.} (21. Bxe5 Qxg5
$11 {White has no advantage any more, e.g.} 22. Rad1 (22. Bf4 Qg7 23. Rad1 Rxd1
24. Rxd1 e5 $1 25. Bd2 Rd8 26. b4 Be7 27. Bc3 Rxd1+ 28. Bxd1 Bf6 {And here it
becomes clear that black has problems.}) 22... Rxd1 23. Rxd1 Be3 $1 {
Disturbing the harmony} 24. Bg3 f5 $1 25. Rd6 (25. Rd7 Rf7 26. Qd1 Bc5 27. Rxf7
Kxf7 28. Qd7+ Be7 $17 {This line shows the potential danger for white.}) 25...
f4 $132) (21. Qxe5 $2 Bd4 $1 22. Qe2 hxg5 $15) 21... Ng6 $4 {when I played
this move, I overlooked Qe4} (21... Nxc4 $1 {Of course I saw this move, but
unfortunately I didn't see Rd2 instead of taking on h7} 22. Rxh6 Qxg5 23. Rh5
Qg7 24. Bh7+ Qxh7 25. Rxh7 Rd2 $11) 22. Bxg6 Bd4 23. Bh7+ $1 Kxh7 24. Rxh6+ Kg8
(24... Kg7 25. Be5+ Bxe5 26. Qxe5+ f6 27. gxf6+) 25. Be5 Bxg2+ 26. Qxg2 Bxe5
27. Qe4 {This move I overlooked when I played Sg6 instead of Nxc4} f5 28. gxf6
Bxf6 29. Rg1+ 1-0

[Event "Capablanca Memorial-A 21st"]
[Site "Havana"]
[Date "1986.05.25"]
[Round "5"]
[White "Boensch, Uwe"]
[Black "Armas, Jorge"]
[Result "1-0"]
[WhiteElo "2475"]
[BlackElo "2345"]
[Annotator "Boensch,U"]
[PlyCount "79"]
[EventDate "1986.05.20"]
[EventType "tourn"]
[EventRounds "13"]
[EventCountry "CUB"]
[EventCategory "10"]
[SourceTitle "MCL"]
[Source "ChessBase"]
[SourceDate "1999.07.01"]
[SourceVersion "1"]
[SourceVersionDate "1999.07.01"]
[SourceQuality "1"]

{SCHACH 9/1986 Seiten 14-15} 1. d4 Nf6 2. c4 e6 3. Nf3 Bb4+ 4. Bd2 Qe7 5. g3
O-O 6. Bg2 Bxd2+ 7. Nbxd2 ({Oder} 7. Qxd2 d5 8. Nc3 c6) 7... d5 $2 {Nachem 7.
Sbxd2 geschah, ist dieser Aufbau fragwürdig.} ({Richtig war} 7... d6 {nebst e5
mit weit ausanalysierten Varianten.}) 8. O-O Nbd7 9. Rc1 c6 10. Qb3 Rd8 11.
Rfd1 a5 {Schwächt eigentlich nur, aber Schwarz besitzt keinen sinnvollen Plan.}
12. a3 a4 13. Qc2 h6 14. e4 dxe4 15. Nxe4 Nxe4 16. Qxe4 Nf6 17. Qc2 {Mit der
Idee c4-c5 nebst Se5-c4-b6 und Eroberung des Bauern a4.} Qc7 18. Ne5 Bd7 ({
Die vermeintliche Befreiung} 18... c5 {ist wegen} 19. dxc5 {und der schwachen
Grundreihe nicht durchführbar.}) 19. c5 b6 $6 {Der Kubaner opfert einen Bauern,
um sich Luft zu verschaffen, gerät aber in ein verlorenes Endspiel.} ({Die
Alternative} 19... Be8 20. Nc4 Nd7 21. Nd6 {sah aber auch nicht verlockend aus.
}) 20. cxb6 Qxb6 21. Nxd7 $1 ({Auf} 21. Nxc6) ({oder} 21. Bxc6 {doch etwas
Spiel für den Bauern.}) 21... Rxd7 (21... Nxd7 22. Bxc6 Rdc8 (22... Rac8 23.
Qxa4 Qxb2 24. Rb1 {mit Gewinn}) 23. Bxa8 Rxc2 24. Rxc2 {ist hoffnungslos.}) 22.
Qxc6 $1 ({Nicht} 22. Bxc6 {wegen} Rc8 23. Qxa4 Rdc7) 22... Rb8 $8 23. Qxb6 Rxb6
24. Rd2 {Zur Verwertung des materiellen Übergewichts braucht man noch etwas
Geduld.} Nd5 25. Rc5 $1 Rb3 ({Jetzt büßt} 25... Rdb7 {wegen} 26. Bxd5 exd5 27.
Rxd5 Rxb2 28. Rxb2 Rxb2 29. Ra5 {nebst Txa4 einen zweiten Bauern ein.}) 26. Ra5
Nb6 27. Bf1 Rd5 28. Rc5 g5 29. Be2 $1 {Die Gewinnidee! Eroberung von a4 durch
Ld1.} Kg7 30. Rc7 $1 {[#]} ({Sofort} 30. Bd1 {bringt nach} Rb5 {nichts ein.
Aber jetzt droht 31. Lh5 Td7 32. Txd7 Sxd7 33. Ld1 sowie 31. Ta7 nebst Ld1.})
30... Kg6 31. Ra7 h5 32. Bd1 Rbb5 33. Bxa4 Nxa4 34. Rxa4 Rb3 35. Rc4 e5 36. Rc3
Rxc3 37. bxc3 exd4 38. cxd4 Kf5 39. f3 Rb5 40. d5 $1 {Die Zeitkontrolle ist
vorbei, Schwarz gab auf.} 1-0

[Event "Saint Louis Summer-A"]
[Site "Saint Louis"]
[Date "2018.05.16"]
[Round "3"]
[White "Sevian, Samuel"]
[Black "Bok, Benjamin"]
[Result "1-0"]
[WhiteElo "2613"]
[BlackElo "2636"]
[Annotator "Bok,B"]
[PlyCount "117"]
[EventDate "2018.05.15"]
[EventType "tourn"]
[EventRounds "9"]
[EventCountry "USA"]
[EventCategory "16"]
[SourceTitle "CBM 185"]
[Source "ChessBase"]
[SourceDate "2018.07.13"]
[SourceVersion "1"]
[SourceVersionDate "2018.07.13"]
[SourceQuality "1"]

{This game was played in the 3rd round of the 2018 Summer Chess Classic, one
of the quarterly round robins in Saint Louis. After a timid start (2 draws) I
was up against Samuel Sevian, a talented American junior.} 1. d4 {Already a
surprise as Sam almost exclusively plays 1.e4.} Nf6 2. c4 e6 3. g3 {Opting for
the Catalan.} Bb4+ 4. Bd2 Be7 5. Bg2 d5 6. Nf3 O-O 7. O-O c6 8. Qc2 Nbd7 {
After some moves we have reached one of the main 'tabiyas' of the Catalan,
White has a lot of options at his disposal here.} 9. Rd1 b6 10. b3 a5 {The
point of this move is to put the bishop on a6 without ever having to worry
about a4-a5.} (10... Ba6 11. a4 {is another story.}) 11. Bc3 Ne4 {One of the
new ways to handle this variation, it has been played before by 2 strong 2700+
Grandmasters: Giri and Vidit.} ({In the event of} 11... Ba6 {White plays} 12.
Nbd2) 12. Bb2 ({It is important that after} 12. Ne5 Nxe5 13. Bxe4 {Black
replies with} f5 $1 (13... Ng6 $6 14. Bg2 $14 {Xiong,J-Macieja,B Dallas 2017,
leaves Black with a passive and worse position.}) 14. Bxd5 exd5 15. dxe5 f4 $44
{Ding,L-Giri,A Moscow 2017, and Black had good compensation due to his
attacking chances.}) 12... f5 13. Nc3 ({Another game in this line continued:} 
13. e3 Ba6 14. Ba3 Bxa3 15. Nxa3 b5 $132 {So,W-Giri,A Saint Louis 2016, and
Black had no problems whatsoever.}) ({At first glance, it looks like Black is
lost after} 13. cxd5 cxd5 14. Qc6 {but fortunately Black has the strong
resource} Bb7 $1 15. Qxb7 (15. Qxe6+ $2 Kh8 16. Ne5 (16. Ba3 Bxa3 17. Nxa3 Rf6
$19) 16... Nxe5 17. dxe5 (17. Qxe5 Bd6 18. Qe6 Rf6 $19) 17... Nc5 $19) 15...
Nd6 16. Qc6 Rc8 17. Qa4 b5 18. Qa3 Nc4) 13... Ba6 14. e3 Rc8 {From here on I
started to handle the position wrongly.} ({It is better to play} 14... Qe8 {
- Xiong,J-Vidit,S Wijk aan Zee 2018.}) 15. Rac1 Bd6 16. Ne2 Qe7 17. Nf4 Rfd8 {
Once again, too passive.} (17... b5 18. c5 Bc7 {is fine for Black} 19. Nd3 (19.
a3 g5 20. Nd3 g4 $132) 19... b4) 18. Qb1 Bb7 19. Rc2 Nef6 20. Ne5 Bb8 21. Nxd7
Nxd7 22. Nd3 Bd6 23. Qc1 h5 {I decided to try to create some counterplay after
all.} 24. Nf4 $6 ({A better way to deal with Black's attempt at counterplay is:
} 24. h4 g5 25. c5 $1 (25. hxg5 Qxg5 26. Ba3 Bb8 27. Ne1 Qg7 28. Nf3 Nf6 $13)
25... bxc5 26. Nxc5 Nxc5 27. dxc5 Bc7 28. hxg5 Qxg5 29. Rd4 e5 30. Rh4 $16)
24... g5 {I suppose Sam overlooked this reply, as now I gained 2 tempi.} 25.
Nd3 ({The pawn cannot be taken as} 25. Nxh5 $2 Qh7 26. g4 fxg4 27. Ng3 Kf7 $17
{followed by ...Rh8 gives Black a strong attack.}) 25... h4 $13 26. Ne5 hxg3
27. hxg3 Nxe5 28. dxe5 Bb8 $6 {The wrong square for this bishop. It is just
very passive on b8.} ({A better move is} 28... Bc5) ({Or} 28... Bb4) 29. cxd5
exd5 $6 (29... cxd5 30. Bd4 $16 {is no fun either, but practice has shown that
Black has chances to survive in such positions.}) 30. e6 $5 (30. f4 $16 {
Also gives White a large advantage.}) 30... Qxe6 31. e4 f4 32. exd5 cxd5 33.
Rxc8 $2 {Here Sam and I missed a crusher for White.} (33. Rxd5 $1 Bxd5 34. Bxd5
Qxd5 35. Rxc8 {and here Black is forced to make the awkward move} Kf8 $16 {
which is a clear sign that he is in deep trouble.} (35... fxg3 $2 36. Qc4 gxf2+
37. Kxf2 Kh7 38. Rxd8 Qxd8 39. Qf7+ $18)) 33... Rxc8 34. Qd2 Re8 $8 {Stopping
35.Re1 and enabling 35.Qd4 to be met by 35...Be5.} 35. Bxd5 Qxd5 36. Qxd5+ Bxd5
37. Rxd5 {White has a little bit of pressure in this endgame, but with some
precise moves Black should make an easy draw.} fxg3 (37... Re2 {would have
made my task a bit easier.} 38. Bd4 (38. Rxg5+ Kf7 {Now there is no Rf5-f2})
38... Kf7 39. gxf4 Bxf4 40. a4) 38. Rxg5+ Kf7 (38... Kh7 39. fxg3 Re2 40. Rh5+
Kg6 41. Rh2 Re3 42. Kf2 Rd3) 39. fxg3 Re2 40. Rf5+ Kg6 $6 {After this move
things start to get quite unpleasant for Black.} (40... Ke6 41. Rf2 Re1+ 42.
Kg2 Re3 $11) 41. Rf2 Re3 42. Rf6+ Kg5 $2 (42... Kh5 {should still be a draw,
but some suffering will be involved:} 43. Kf2 (43. Rxb6 Bxg3) 43... Rd3 44. Ke2
(44. Bc1 Rc3) (44. Ba1 Kg4) 44... Rxg3 45. Bd4 a4) 43. Rf8 Re2 44. Bf6+ {
I overlooked this move when I played 42...Kg5.} Kg4 45. Rxb8 Kxg3 46. Bc3 $2 {
But with this move Sam threw away his winning advantage.} ({The winning move
was} 46. Rg8+ Kf3 47. a3 $18 {and both pawns stay alive as in the event of} Re3
{White has} 48. Kh2 {at his disposal.}) 46... Rxa2 47. Rxb6 Kf3 48. Rb5 a4 49.
b4 Rg2+ ({Perhaps the easiest way to reach a RB vs R endgame would have been:} 
49... Ra3 {followed by ...Rb3 and push the a-pawn.}) 50. Kf1 Rc2 51. Rc5 Ke4 $8
52. Be1 Ra2 53. b5 Rb2 $4 {The losing move.} ({Annotating this game, I still
cannot understand why I did not play} 53... a3 {and only on the next move ...
Rb2, after which we would most likely reach a RB vs R endgame which is a draw.}
) 54. Bc3 {I overlooked this move and now it's just all over.} Rc2 55. b6 a3
56. b7 Rc1+ 57. Ke2 Rb1 58. Rc4+ Kd5 59. Rb4 {A lot of mistakes were made by
both sides, which is almost impossible to avoid in such a complicated and
fighting game. Credit to Sam for navigating his way through better than I did.}
1-0